UBT Library

Art notebook human anatomy: (Record no. 1959)

000 -LEADER
fixed length control field 00292nam a22001217a 4500
008 - FIXED-LENGTH DATA ELEMENTS--GENERAL INFORMATION
fixed length control field 160510b xxu||||| |||| 00| 0 eng d
020 ## - INTERNATIONAL STANDARD BOOK NUMBER
International Standard Book Number 9780072978094
020 ## - INTERNATIONAL STANDARD BOOK NUMBER
International Standard Book Number 0072978090
041 ## - LANGUAGE CODE
Language code of text/sound track or separate title eng
080 ## - UNIVERSAL DECIMAL CLASSIFICATION NUMBER
Universal Decimal Classification number 611
245 ## - TITLE STATEMENT
Title Art notebook human anatomy:
Statement of responsibility, etc Kenneth S. Saladin;
942 ## - ADDED ENTRY ELEMENTS (KOHA)
Source of classification or shelving scheme
Item type Books
Holdings
Withdrawn status Lost status Damaged status Not for loan Date acquired Total Checkouts Date last seen Price effective from Koha item type Source of classification or shelving scheme Collection code Permanent location Current location Shelving location Full call number Barcode
        05/10/2016   05/10/2016 05/10/2016 Books              
        05/10/2016   05/10/2016 05/10/2016 Books   Koleksioni i përgjithshem UBT - Lipjan UBT - Lipjan Koleksioni i përgjithshem 611 SAL 002-028691
        05/10/2016   05/10/2016 05/10/2016 Books   Koleksioni i përgjithshem UBT - Lipjan UBT - Lipjan Koleksioni i përgjithshem 611 SAL 002-028674
        05/10/2016   05/10/2016 05/10/2016 Books   Koleksioni i përgjithshem UBT - Lipjan UBT - Lipjan Koleksioni i përgjithshem 611 SAL 002-028685
        05/10/2016   05/10/2016 05/10/2016 Books   Koleksioni i përgjithshem UBT - Lipjan UBT - Lipjan Koleksioni i përgjithshem 611 SAL 002-028702
UBT Library © 2015-2024. All rights reserved University Education for Business and Technology